| 000 | 004620000a22001930004500 | ||
|---|---|---|---|
| 999 |
_c47935 _d47935 |
||
| 001 | 731 | ||
| 003 | CO-MdFUSB | ||
| 005 | 20181002145704.0 | ||
| 008 | 181002b xxu||||| |||| 00| 0 eng d | ||
| 020 | _a0-590-06125-9 | ||
| 040 | _cCO-MdBIC | ||
| 082 | 0 | 4 | _a813C G91hg |
| 100 | 1 | _aGross Belov, Ruth | |
| 245 | 1 | 0 | _aHansel and Gretel / Rut Belov Gross |
| 260 | _aNew York : Scholastic | ||
| 300 | _a[ 48 P.] | ||
| 650 | 1 | 4 | _aLiteratura Infantil |
| 942 | _cLGB | ||